[Event "Chigorin Memorial"]
[Site "St Petersburg RUS"]
[Date "2008.10.05"]
[Round "3"]
[White "Utkin,Alex"]
[Black "Stroganov,Ana"]
[Result "1-0"]
[WhiteElo "2196"]
[BlackElo "1953"]

1.d4 Nf6 2.Nf3 e6 3.c4 b6 4.a3 a5 5.Nc3 Bb7 6.h3 Na6 7.Bf4 d6 8.Qc2 g6 9.e4 Bg7
10.Bd3 Nh5 11.Be3 f5 12.Bg5 Qd7 13.Bd2 O-O 14.O-O-O fxe4 15.Nxe4 Nf6 16.Bf1 d5
17.Nc3 dxc4 18.Bxc4 Kh8 19.Rhg1 c6 20.Be3 b5 21.Ne5 Qe8 22.Bf1 b4 23.Ne4 bxa3
24.bxa3 Qe7 25.Nc4 Nc7 26.g3 Nfd5 27.Bg5 Nf6 28.Nc5 Ncd5 29.Re1 Bc8 30.Bg2 h6
31.Ne5 Kg8 32.Nxg6 Qf7 33.Nxf8 Bxf8 34.Bd2 Ne8 35.Be4 Nd6 36.Bg6 Qf6 37.Re5 Nb5
38.Qe4 Qxf2 39.Be3 Qa2 40.Bh7+ Kh8 41.Qg6 Qxa3+ 42.Kd2 Qb4+ 43.Ke2 Nxd4+
44.Bxd4 Bg7 45.Rf1 Ba6+ 46.Nxa6 Qxd4 47.Rxe6 Nc3+ 48.Kf3 Rf8+ 49.Qf5 Qd5+
50.Kg4 Rxf5 51.Bxf5 Bf8 52.Nc7 Qd4+ 53.Kh5 Qg7 54.Bg6 Qxc7 55.Rxf8+ Kg7 56.Rf7+ Qxf7
57.Bxf7 Kxf7 58.Rxc6 Ne2 59.Kg4 a4 60.Rxh6 Nc3 61.Ra6 Kg7 62.h4 Kh7 63.h5 Kg7
64.Kf5 Ne2 65.g4 Ng3+ 66.Ke5 Ne2 67.Rxa4 Kh6 68.Ra6+ Kg7 69.g5 Ng3 70.Ra7+ Kg8
71.h6  1-0

[Event "1st WMSG Rapid Ind"]
[Site "Beijing CHN"]
[Date "2008.10.06"]
[Round "4"]
[White "Markos,J"]
[Black "Friedel,J"]
[Result "1-0"]
[WhiteElo "2557"]
[BlackElo "2498"]

1.d4 Nf6 2.c4 e6 3.Nf3 b6 4.a3 Ba6 5.Qc2 Bb7 6.Nc3 c5 7.e4 cxd4 8.Nxd4 Bc5
9.Nb3 Nc6 10.Bg5 h6 11.Bh4 Nd4 12.Nxd4 Bxd4 13.Bd3 Qb8 14.Bg3 Be5 15.O-O-O O-O
16.Kb1 Rc8 17.Rhe1 a6 18.Qb3 Bc6 19.Nd5 exd5 20.Bxe5 dxc4 21.Bxb8 cxb3 22.Bd6 a5
23.f3 Ne8 24.Bf4 Nc7 25.h4 b5 26.Rc1 Ne6 27.Bd6 Nd8 28.Rc3 Nb7 29.Bf4 b4
30.Rc4 bxa3 31.bxa3 a4 32.Rec1 Re8 33.Rb4 Nd8 34.Bd6 Ne6 35.f4 f6 36.e5 fxe5
37.Bxe5 Ra5 38.g4 Rc5 39.Bc4 Be4+ 40.Kb2 d5 41.Ba6 Rxc1 42.Kxc1 Nc5 43.Bb5 Rc8
44.Kd2 Bc2 45.g5 h5 46.Ke3 Ne4 47.Bxa4 Nc5 48.Bb5 Ne6 49.Bd7 d4+ 50.Kd2 Rc3
51.Bxe6+ Kh7 52.Rb7 Rd3+ 53.Ke2 Re3+ 54.Kf2  1-0

[Event "58th TCh m 1st Div"]
[Site "Borovets BUL"]
[Date "2008.10.06"]
[Round "6"]
[White "Dobrev,Nan"]
[Black "Grigorov,G"]
[Result "1-0"]
[WhiteElo "2408"]
[BlackElo "2482"]

1.d4 Nf6 2.Nf3 e6 3.c4 b6 4.a3 Bb7 5.Nc3 d5 6.cxd5 Nxd5 7.e3 g6 8.Bb5+ c6
9.Bd3 Bg7 10.h4 h6 11.e4 Nxc3 12.bxc3 c5 13.Be3 Nc6 14.Qd2 cxd4 15.cxd4 Qd6
16.O-O O-O 17.Rfd1 Rfd8 18.h5 g5 19.e5 Qe7 20.Qb2 Rac8 21.Rac1 Na5 22.Rxc8 Rxc8
23.Rc1 Qd7 24.Rxc8+ Qxc8 25.Nd2 Bd5 26.f4 gxf4 27.Bxf4 Qc6 28.Bb5 Qb7 29.Qc3 Qe7
30.Nf1 f5 31.Ne3 Qd8 32.Nxd5 Qxd5 33.a4 Qe4 34.Qe3 Qb1+ 35.Kh2 Qd1 36.Be8 Kf8
37.Bg6 Nc4 38.Qc3 Qxa4 39.Qc1 Ke7 40.Bxh6 Bxh6 41.Qxh6 Qc2 42.Qh8 Kd7 43.Be8+ Kc7
44.Qg7+ Kb8 45.Bc6  1-0

[Event "1st WMSG Rapid Ind w"]
[Site "Beijing CHN"]
[Date "2008.10.07"]
[Round "9"]
[White "Sachdev,T"]
[Black "Sukandar,I"]
[Result "1/2-1/2"]
[WhiteElo "2425"]
[BlackElo "2303"]

1.d4 Nf6 2.c4 e6 3.Nf3 b6 4.a3 Bb7 5.Nc3 Be7 6.Qc2 O-O 7.e4 d6 8.Bd3 h6 9.O-O c5
10.d5 e5 11.b4 Nbd7 12.h3 Re8 13.Be3 Rc8 14.Nd2 Nh5 15.Rfe1 Bg5 16.Nb5 Bxe3
17.fxe3 Nf8 18.Nxa7 Ra8 19.Nb5 Ng6 20.Qd1 Nf6 21.Qf3 Ba6 22.Nc3 Qc7 23.Reb1 Nh7
24.Qf2 Rec8 25.Be2 Qe7 26.Rb2 Ng5 27.Na4 Rcb8 28.Nc3 Bc8 29.Bf1 Bd7 30.Rbb1 Qd8
31.bxc5 bxc5 32.Nb5 Bxb5 33.cxb5 Ra4 34.Bd3 Rba8 35.Rb3 Nf8 36.b6 Rb8 37.Rab1 Nd7
38.b7 Nf6 39.Nc4 Ngxe4 40.Qc2 Ng5 41.Rb6 Ra7 42.e4 Ne8 43.Qd2 Nh7 44.Na5 Qc7
45.Ra6 Raxb7 46.Nxb7 Rxb7 47.Ra8 Rxb1+ 48.Bxb1 Nf6 49.Qa5 Qb7 50.Bd3 Kh7
51.Ra7 Qb3 52.Qb5 Qd1+ 53.Kh2 Qc1 54.Qb1 Qf4+ 55.Kh1 Nh5 56.Qe1 Ng3+ 57.Kg1 f5
58.exf5 c4 59.Bc2 Qd4+ 60.Qf2 Qa1+ 61.Kh2 Nf1+ 62.Kg1 Ng3+ 63.Kh2 Nf1+ 64.Kg1 Ng3+  1/2-1/2

[Event "Chigorin Memorial"]
[Site "St Petersburg RUS"]
[Date "2008.10.07"]
[Round "5"]
[White "Utkin,Alex"]
[Black "Obrezchikov,M"]
[Result "1-0"]
[WhiteElo "2196"]
[BlackElo "1986"]

1.d4 Nf6 2.Nf3 e6 3.c4 b6 4.a3 Bb7 5.Nc3 Be7 6.d5 exd5 7.cxd5 O-O 8.e4 d6
9.Bd3 Nbd7 10.O-O Ng4 11.Nd4 Nge5 12.Be2 Bf6 13.Be3 a5 14.Rc1 Re8 15.Ncb5 Rc8
16.b4 axb4 17.axb4 Ng6 18.Na7 Ra8 19.Ndc6 Bxc6 20.Nxc6 Qc8 21.Qc2 Ra3 22.Nd4 Ndf8
23.Nb5 Rxe3 24.fxe3 Bg5 25.Nxd6 Qd7 26.Nxe8 Bxe3+ 27.Kh1 Bxc1 28.Nf6+ gxf6
29.Qxc1 Qe7 30.Qc4 Ne5 31.Qc3 Nfg6 32.g3 Kg7 33.h4 Qd6 34.Kg2 h6 35.Rc1 Nf8
36.b5 f5 37.Qxc7 Qxc7 38.Rxc7 fxe4 39.Kf2 Nfd7 40.Ke3 Nc5 41.Kd4 Kf6 42.Rxc5 bxc5+
43.Kxc5 Ke7 44.b6 Nd7+ 45.Kc6 Nxb6 46.Kxb6 Kd6 47.Bc4 e3 48.Kb5 f5 49.Kb4 e2
50.Bxe2 Kxd5 51.Kc3 f4 52.g4 Ke4 53.Kd2  1-0

[Event "Belgrade Premier League"]
[Site "Belgrade SRB"]
[Date "2008.10.08"]
[Round "4"]
[White "Sekulic,D"]
[Black "Pantovic,D"]
[Result "1/2-1/2"]
[WhiteElo "2321"]
[BlackElo "2147"]

1.d4 Nf6 2.Nf3 e6 3.c4 b6 4.a3 Ba6 5.e3 d5 6.Nbd2 Be7 7.b3 O-O 8.Bd3 Bb7
9.O-O Nbd7 10.Bb2 c5 11.Qe2 Ne4 12.Rad1 Rc8 13.Ne5 cxd4 14.exd4 Ndf6 15.Nb1 Nd6
16.Rc1 Nf5 17.Rfd1 Bd6 18.Nd2 Qe7 19.b4 dxc4  1/2-1/2

[Event "Masters"]
[Site "Winterthur SUI"]
[Date "2008.10.10"]
[Round "8"]
[White "Blasko,I"]
[Black "Jenni,F"]
[Result "0-1"]
[WhiteElo "2336"]
[BlackElo "2544"]

1.d4 Nf6 2.c4 e6 3.Nf3 b6 4.a3 Ba6 5.Qc2 Bb7 6.Nc3 c5 7.d5 exd5 8.cxd5 Nxd5
9.Bg5 f6 10.Nxd5 Bxd5 11.Bf4 Qe7 12.O-O-O Be4 13.Qa4 Bc6 14.Qc2 Qe4 15.Qd2 Ba4
16.e3 Qe6 17.Bd3 Nc6 18.g4 g6 19.Qc3 Na5 20.Rde1 Be7 21.Nd4 cxd4 22.exd4 Qc6
23.Qxc6 Nxc6  0-1

[Event "Belgrade Premier League"]
[Site "Belgrade SRB"]
[Date "2008.10.11"]
[Round "7"]
[White "Sekulic,D"]
[Black "Pavlovic,Drago"]
[Result "1-0"]
[WhiteElo "2321"]
[BlackElo "2296"]

1.d4 Nf6 2.Nf3 e6 3.c4 b6 4.a3 Bb7 5.Nc3 d5 6.cxd5 Nxd5 7.Qa4+ c6 8.e4 Nxc3
9.bxc3 Be7 10.Bd3 O-O 11.O-O c5 12.Re1 a6 13.Qc2 cxd4 14.cxd4 Nd7 15.Qe2 Re8
16.Bd2 g6 17.a4 Bf8 18.e5 Be7 19.Rec1 Nb8 20.Be4 Qd7 21.Rab1 Bd8 22.Bg5 Ra7
23.Bxd8 Qxd8 24.h4 Bxe4 25.Qxe4 Rc7 26.Rxc7 Qxc7 27.Qf4 Nd7 28.Rc1 Qd8 29.Qh6 f6
30.Rc6 Re7 31.Rd6  1-0

[Event "Masters"]
[Site "Winterthur SUI"]
[Date "2008.10.11"]
[Round "9"]
[White "Kelecevic,N"]
[Black "Naef,T"]
[Result "1-0"]
[WhiteElo "2364"]
[BlackElo "2130"]

1.d4 Nf6 2.c4 e6 3.Nf3 b6 4.a3 Bb7 5.Nc3 Ne4 6.Nxe4 Bxe4 7.Nd2 Bb7 8.e4 c5
9.d5 Be7 10.Nf3 exd5 11.exd5 O-O 12.Bd3 Bf6 13.h4 g6 14.h5 d6 15.Qc2 Nd7
16.Kf1 Ne5 17.Nxe5 Bxe5 18.Bh6 Bg7 19.Bxg7 Kxg7 20.Qc3+ f6 21.hxg6  1-0

[Event "Belgrade Premier League"]
[Site "Belgrade SRB"]
[Date "2008.10.12"]
[Round "8"]
[White "Nestorovic,De"]
[Black "Blesic,V"]
[Result "1/2-1/2"]
[WhiteElo "2424"]
[BlackElo "2301"]

1.d4 Nf6 2.c4 e6 3.Nf3 b6 4.a3 c6 5.Bg5 Be7 6.Nc3 d5 7.e3 Ba6 8.Qb3 O-O 9.Be2 h6
10.Bxf6 Bxf6 11.O-O Nd7 12.Rfd1 Qc8 13.Rac1 Qb7 14.e4 dxe4 15.Nxe4 c5 16.Nxf6+ Nxf6
17.dxc5 bxc5 18.Qxb7 Bxb7 19.b4 Bxf3 20.Bxf3 Rac8 21.b5 Rfd8 22.Bb7 Rb8 23.Bc6 Ng4
24.f4 g5 25.Rxd8+ Rxd8 26.h3 Ne3 27.fxg5 Rd4 28.gxh6 Nxc4 29.a4 Kh7 30.Bf3 Ne5
31.Rxc5 Nxf3+ 32.gxf3 Rxa4 33.Rc7 Kxh6 34.Rxf7 Kg6 35.Rc7 Ra2 36.Rc5 Kf6
37.h4 Ra5 38.Rc7 Rxb5 39.Rxa7 Rb4  1/2-1/2

[Event "1st WMSG Blitz Team w"]
[Site "Beijing CHN"]
[Date "2008.10.13"]
[Round "3"]
[White "Vovk,Ok"]
[Black "Hallaeva,B"]
[Result "1-0"]
[WhiteElo "2142"]
[BlackElo "2119"]

1.d4 Nf6 2.c4 e6 3.Nf3 b6 4.a3 Ba6 5.Qc2 Be7 6.Bg5 O-O 7.Nbd2 Bb7 8.e4 d5
9.cxd5 Nxd5 10.Bxe7 Nxe7 11.Be2 Nd7 12.O-O c5 13.Rfd1 Rc8 14.Qa4 cxd4 15.Qxd4 Nc5
16.e5 Nc6 17.Qxd8 Rfxd8 18.Nc4 Rxd1+ 19.Rxd1 Rd8 20.Nd6 Ba6 21.Bxa6 Nxa6
22.b4 Nc7 23.Rc1 Nxe5 24.Rxc7 Nxf3+ 25.gxf3 g6 26.Nxf7 Rd3 27.Rxa7 Rxf3 28.Ne5 Rb3
29.Nd7 b5 30.Nf6+ Kf8 31.Nxh7+ Ke8 32.Nf6+ Kd8 33.Ne4 Rb2 34.Kg2 Re2 35.Nd6 Rd2
36.Nxb5 Rd3 37.a4 Rb3 38.Ra8+ Kd7 39.Ra7+ Kc6 40.Nd4+ Kb6 41.Nxb3 Kxa7 42.a5 Ka6
43.Nd4 Ka7 44.b5 Kb7 45.Nc6 Kc7 46.a6 Kb6 47.a7 Kb7 48.Kf3 Ka8 49.Ke4 Kb7
50.Ke5 Ka8 51.Kxe6 Kb7 52.Kd6 Ka8 53.b6 Kb7 54.Kd7 Ka8 55.Kc7 g5 56.b7+  1-0

[Event "1st WMSG Blitz Team"]
[Site "Beijing CHN"]
[Date "2008.10.13"]
[Round "5"]
[White "Pedersen,Stef"]
[Black "Diermair,A"]
[Result "0-1"]
[WhiteElo "2457"]
[BlackElo "2365"]

1.d4 Nf6 2.c4 e6 3.Nf3 b6 4.a3 Bb7 5.Nc3 d5 6.cxd5 Nxd5 7.Qc2 Nxc3 8.bxc3 Be7
9.e4 O-O 10.Bd3 c5 11.O-O Qc8 12.Qe2 Ba6 13.Rd1 Bxd3 14.Rxd3 Nd7 15.e5 Re8
16.Qe4 cxd4 17.cxd4 Qc4 18.Bg5 Nc5 19.Qh4 Bxg5 20.Nxg5 Qxd3 21.dxc5 bxc5
22.Ne4 Qd4 23.Re1 Qxe5 24.f4 Qd4+ 25.Kh1 Red8 26.h3 h6 27.Qg3 c4 28.Nc3 Qd3
29.Re3 Qd2 30.Ne4 Qd4 31.Nc3 Rac8 32.Re4 Qf6 33.Re5 Rd3 34.Qf2 Rxc3  0-1

[Event "1st WMSG Blitz Team w"]
[Site "Beijing CHN"]
[Date "2008.10.13"]
[Round "8"]
[White "Beinoraite,V"]
[Black "Machalova,M"]
[Result "1-0"]
[WhiteElo "2051"]
[BlackElo "2187"]

1.d4 Nf6 2.c4 e6 3.Nf3 b6 4.a3 Bb7 5.Nc3 d5 6.Qc2 a6 7.cxd5 exd5 8.Bg5 Be7
9.e3 h6 10.Bh4 Nbd7 11.Bd3 O-O 12.O-O c5 13.Qe2 Ne4 14.Bxe7 Qxe7 15.Rac1 Ndf6
16.Bb1 Nxc3 17.bxc3 Rac8 18.a4 Rc7 19.Ne5 Rfc8 20.Qb2 Qd6 21.Bf5 Re8 22.c4 dxc4
23.Nxc4 Qd5 24.Bh3 cxd4 25.Nxb6 Qd6 26.exd4 Rc6 27.Nc4 Qd5 28.Qxb7 Rd8 29.Ne3 Rxc1  1-0

[Event "1st WMSG Rapid Team"]
[Site "Beijing CHN"]
[Date "2008.10.15"]
[Round "4"]
[White "Dao Thien Hai"]
[Black "Wu Shaobin"]
[Result "1-0"]
[WhiteElo "2510"]
[BlackElo "2455"]

1.d4 Nf6 2.c4 e6 3.Nf3 b6 4.a3 Bb7 5.Nc3 d5 6.Bg5 Be7 7.Qa4+ c6 8.Bxf6 Bxf6
9.cxd5 exd5 10.g3 O-O 11.Bg2 Nd7 12.O-O Re8 13.Rfd1 g6 14.Rac1 Bg7 15.e3 Nf8
16.Qc2 Qe7 17.b4 a6 18.Qb3 Nd7 19.a4 b5 20.a5 Qd6 21.Ne1 Re7 22.e4 dxe4 23.Nxe4 Qe6
24.Qxe6 Rxe6 25.d5 cxd5 26.Rc7 Rb8 27.Ng5 Rd6 28.Nd3 h6 29.Nxf7 Kxf7 30.Nc5 Bc6
31.Rxc6 Rxc6 32.Nxd7 Rcc8 33.Bxd5+ Ke7 34.Nxb8 Rxb8 35.Re1+ Kd6 36.Bb3 Rf8
37.Re6+ Kd7 38.Rxg6 Bd4 39.Rxa6 Rxf2 40.Kh1 Rb2 41.Bd5 Rxb4 42.Rxh6 Rb1+
43.Kg2 b4 44.a6 Ra1 45.h4 Ra3 46.Re6 b3 47.Re4 Bc5 48.Re2 Kd6 49.Bg8 Bd4
50.Rd2 Kc5 51.Bxb3 Rxb3 52.Ra2 Rb8 53.g4 Kd5 54.g5 Rg8 55.Kf3 Ke5 56.Kg4 Ba7
57.h5 Be3 58.g6 Bh6 59.Re2+ Kf6 60.Rf2+ Ke6 61.Rf7 Rb8 62.Rh7 Rb4+ 63.Kf3 Bd2
64.Rb7 Bh6 65.Rxb4 Kd5  1-0

[Event "24th ECC"]
[Site "Kallithea GRE"]
[Date "2008.10.17"]
[Round "1"]
[White "Ledger,A"]
[Black "Alekseev,Evgeny"]
[Result "0-1"]
[WhiteElo "2429"]
[BlackElo "2715"]

1.d4 Nf6 2.Nf3 e6 3.c4 b6 4.a3 Ba6 5.Qc2 Bb7 6.Nc3 c5 7.dxc5 bxc5 8.Bf4 d6
9.Rd1 Qb6 10.e3 Be7 11.Be2 O-O 12.O-O Rd8 13.Rd2 Nbd7 14.Rfd1 Nf8 15.h3 h6
16.e4 e5 17.Be3 Ne6 18.Nd5 Nxd5 19.exd5 Nd4 20.Bxd4 cxd4 21.Qe4 Qc7 22.Bd3 g6
23.Qg4 Kg7 24.Qg3 a5 25.h4 Bf6 26.Re1 Bc8 27.h5 g5 28.Rc2 Rb8 29.Rec1 Bd7
30.c5 Ba4 31.cxd6 Qxd6 32.Nh4 Bd7 33.Rc5 Rb3 34.Rxa5 Kf8 35.Qf3 gxh4 36.Ra6 Qxa6
37.Rc6 Qxd3 38.Qxf6 Qb1+ 39.Kh2 Qf5 40.Qxd8+ Kg7 41.Rc7 Qf4+  0-1

[Event "XV PRO AM Open"]
[Site "Villa Martelli ARG"]
[Date "2008.10.17"]
[Round "8"]
[White "Gibson,T"]
[Black "Quiroga,F"]
[Result "1/2-1/2"]
[WhiteElo "2252"]
[BlackElo "2335"]

1.d4 Nf6 2.c4 e6 3.Nf3 b6 4.a3 Ba6 5.Qc2 Bb7 6.Nc3 c5 7.e4 cxd4 8.Nxd4 Bc5
9.Nb3 Nc6 10.Bg5 h6 11.Bh4 Nd4 12.Nxd4 Bxd4 13.Bd3 Qb8 14.Bg3 Be5 15.O-O-O O-O
16.Kb1 Rc8 17.Qe2 d6 18.Bxe5 dxe5 19.g4 Nh7 20.h4 g6 21.g5 h5 22.Rhf1 Bc6
23.f4 exf4 24.e5 f3 25.Qe3 a6 26.Qf4 Ra7 27.Be4 Bxe4+ 28.Nxe4 Rxc4 29.Rxf3 Qa8
30.Nf6+ Nxf6 31.Qxf6 Qe4+ 32.Ka1 Rd7  1/2-1/2

[Event "24th ECC"]
[Site "Kallithea GRE"]
[Date "2008.10.18"]
[Round "2"]
[White "Carstensen,J"]
[Black "Cela,S"]
[Result "0-1"]
[WhiteElo "2319"]
[BlackElo "2302"]

1.d4 Nf6 2.c4 e6 3.Nf3 b6 4.a3 Bb7 5.Nc3 d5 6.cxd5 Nxd5 7.Bd2 Nd7 8.Qc2 Be7
9.e4 Nxc3 10.Bxc3 O-O 11.Bd3 Rc8 12.d5 Nc5 13.O-O-O exd5 14.exd5 Nxd3+ 15.Qxd3 Bf6
16.Ne5 Bxe5 17.Bxe5 Re8 18.Qg3 f6 19.Bc3 Bxd5 20.h4 c6 21.h5 h6 22.Rh4 Qc7
23.Rf4 Re6 24.Qg4 Kh8 25.g3 Rce8 26.Qg6 Be4 27.Qg4 Qf7 28.f3 Bd5 29.Kb1 Re3
30.Bd4 Re2 31.Bc3 Rh2 32.Qf5 Rxh5 33.Qd3 Rh2 34.g4 Bb3 35.Rc1 Bd5 36.Rf5 Qe6
37.Re1 Qxe1+ 38.Bxe1 Rxe1+  0-1

[Event "24th ECC"]
[Site "Kallithea GRE"]
[Date "2008.10.18"]
[Round "2"]
[White "Podkriznik,G"]
[Black "Novkovic,Mi"]
[Result "1-0"]
[WhiteElo "2372"]
[BlackElo "2398"]

1.d4 Nf6 2.c4 e6 3.Nf3 b6 4.a3 Ba6 5.Qc2 Bb7 6.Nc3 c5 7.e4 cxd4 8.Nxd4 d6
9.Be2 a6 10.O-O Be7 11.Be3 O-O 12.Rfd1 Qc7 13.f3 Nbd7 14.Rac1 Rac8 15.b4 Qb8
16.Qd2 Bd8 17.Kh1 Bc7 18.Bf1 Kh8 19.Qf2 Rg8 20.Nde2 g5 21.Ng3 Rg6 22.Na4 Ba8
23.c5 dxc5 24.bxc5 b5 25.Nb6 Bc6 26.Nxc8 Qxc8 27.Bd4 Rh6 28.Kg1 Qb8 29.Bb2 Kg8
30.Rd6 Qa8 31.e5 Ne8 32.Qe3 Nxd6 33.cxd6 Bb6 34.Bd4 Bxd4 35.Qxd4 Rh4 36.Qe3 h6
37.Bd3 a5 38.Be4 Nxe5 39.Qc5 Bd5 40.Qc8+ Qxc8 41.Rxc8+ Kg7 42.Bxd5 exd5 43.Nf5+ Kf6
44.Nxh4 gxh4 45.Re8 Nd7 46.Re7 Nc5 47.Rc7 Ne6 48.Rb7 Nd4 49.Kf2 Ke6 50.d7 Ke7
51.g3 f5 52.gxh4 f4 53.h5 Kd8 54.Kg2 a4 55.h4 Ke7 56.Kh3 Nxf3 57.Rxb5 Kxd7
58.Rxd5+ Ke6 59.Ra5  1-0

[Event "24th ECC"]
[Site "Kallithea GRE"]
[Date "2008.10.19"]
[Round "3"]
[White "Einarsson,H"]
[Black "Mauquoi,R"]
[Result "1-0"]
[WhiteElo "2264"]
[BlackElo "2032"]

1.d4 Nf6 2.c4 e6 3.Nf3 b6 4.a3 Bb7 5.Nc3 d5 6.cxd5 exd5 7.Bf4 c6 8.e3 Be7
9.Bd3 Nbd7 10.h3 O-O 11.g4 Re8 12.Qc2 Nf8 13.Ne5 N6d7 14.Nf3 Nf6 15.O-O-O a5
16.Ne5 N6d7 17.Nxd7 Qxd7 18.Kb1 g6 19.Be5 Ba6 20.Bf5 gxf5 21.gxf5 f6 22.Rhg1+ Kf7
23.f3 fxe5 24.dxe5 Reb8 25.e6+ Nxe6 26.fxe6+ Qxe6 27.Qxh7+ Ke8 28.e4 Bc4
29.exd5 cxd5 30.Rde1 Qf6 31.Qh5+ Kd7 32.Nxd5 Bxd5 33.Qxd5+ Kc7 34.Re6 Qf4
35.Rxe7+  1-0

[Event "24th ECC"]
[Site "Kallithea GRE"]
[Date "2008.10.21"]
[Round "5"]
[White "Carstensen,J"]
[Black "Zagorskis,D"]
[Result "0-1"]
[WhiteElo "2319"]
[BlackElo "2509"]

1.d4 Nf6 2.c4 e6 3.Nf3 b6 4.a3 Ba6 5.Qc2 c5 6.d5 exd5 7.cxd5 g6 8.Nc3 d6
9.h4 Bg7 10.Bf4 O-O 11.h5 Re8 12.h6 Bh8 13.e3 Bxf1 14.Kxf1 Na6 15.Rd1 Nc7
16.Qa4 b5 17.Qa5 Ne4 18.Nxe4 Rxe4 19.Ng5 Ra4 20.Qd2 Ne8 21.Rh3 Bf6 22.Rg3 b4
23.Qc2 Qd7 24.Ne4 Bh8 25.Nxd6 bxa3 26.bxa3 Rxf4 27.exf4 Nxd6 28.Rb3 c4 29.Rb4 Rc8
30.Rdb1 Qc7 31.f5 Bf6 32.g4 Bg5 33.Qc3 Bxh6 34.Kg2 Bf8 35.Rh1 Ne4 36.Qh3 Ng5
37.Qe3 Bxb4 38.Qxg5 Bf8 39.Qh4 h6 40.g5 Qd8 41.fxg6 Qxg5+ 42.Qxg5 hxg5 43.gxf7+  0-1

[Event "24th ECC"]
[Site "Kallithea GRE"]
[Date "2008.10.21"]
[Round "5"]
[White "Podkriznik,G"]
[Black "Baklan,V"]
[Result "0-1"]
[WhiteElo "2372"]
[BlackElo "2625"]

1.d4 Nf6 2.c4 e6 3.Nf3 b6 4.a3 Ba6 5.Qc2 Bb7 6.Nc3 c5 7.e4 cxd4 8.Nxd4 Bc5
9.Nb3 Nc6 10.Bg5 Nd4 11.Nxd4 Bxd4 12.Nb5 Be5 13.f4 Bb8 14.e5 h6 15.Bxf6 gxf6
16.Nd6+ Bxd6 17.exd6 f5 18.O-O-O Qf6 19.Rg1 Rc8 20.Kb1 Be4 21.Bd3 Qd4 22.Bxe4 Qxe4
23.Qxe4 fxe4 24.b3 f5 25.g4 Kf7 26.h3 Rhg8 27.Kc2 b5 28.Kc3 bxc4 29.bxc4 Rc6
30.gxf5 Rxg1 31.fxe6+ Kxe6 32.Rxg1 Kf5 33.Rd1 Kxf4 34.Rd5 Ra6 35.Kd4 Rxa3
36.c5 e3 37.Re5 Rd3+ 38.Kxd3 Kxe5 39.c6 Kxd6 40.cxd7 Kxd7 41.Kxe3 Ke6  0-1

[Event "WYCC Boys U16"]
[Site "Vung Tau City VIE"]
[Date "2008.10.21"]
[Round "2"]
[White "Veits,J"]
[Black "Morris,J"]
[Result "1-0"]
[WhiteElo "1809"]
[BlackElo "2087"]

1.d4 Nf6 2.c4 e6 3.Nf3 b6 4.a3 Ba6 5.Qc2 Bb7 6.Nc3 c5 7.e3 Be7 8.Bd3 O-O
9.e4 cxd4 10.Nxd4 d6 11.O-O Nbd7 12.b3 Rc8 13.Bb2 Qc7 14.Rac1 Qb8 15.Qe2 Rfe8
16.f4 Bf8 17.b4 e5 18.fxe5 Nxe5 19.Rfe1 Qa8 20.Nd5 Bxd5 21.cxd5 Rxc1 22.Bxc1 Nxd3
23.Qxd3 Nxd5 24.Nf5 Nf6 25.Ng3 d5 26.e5 Bd6 27.Bb2 Re6 28.Re2 Bxe5 29.Rxe5 Qc8
30.Re2 Rxe2 31.Nxe2 Ng4 32.h3 Nh6 33.Qxd5 Nf5 34.Qd3 h5 35.Ng3 Nh4 36.Nxh5 Qc6
37.Qg3 Nf5 38.Qe5 Qg6 39.Nxg7 Nh4 40.Qe2 Nf3+ 41.Qxf3 Qb1+ 42.Kh2 Qxb2 43.Nf5  1-0

[Event "24th ECC"]
[Site "Kallithea GRE"]
[Date "2008.10.22"]
[Round "6"]
[White "Thorfinnsson,Br"]
[Black "Volke,K"]
[Result "1-0"]
[WhiteElo "2383"]
[BlackElo "2454"]

1.d4 Nf6 2.c4 e6 3.Nf3 b6 4.a3 Bb7 5.Nc3 d5 6.cxd5 Nxd5 7.Bd2 Be7 8.Qc2 O-O
9.Rd1 c5 10.dxc5 bxc5 11.e4 Nxc3 12.Bxc3 Qb6 13.Ne5 Bf6 14.Nc4 Bxc3+ 15.Qxc3 Qc7
16.Nd6 Rd8 17.e5 Nd7 18.Bc4 Nb6 19.O-O Nxc4 20.Qxc4 Bd5 21.Qg4 Rab8 22.Rd2 f6
23.f4 Kh8 24.Rc1 c4 25.Qe2 fxe5 26.fxe5 h6 27.h3 Rf8 28.Kh2 Rb3 29.Rcc2 Qe7
30.Qg4 Kh7 31.Nxc4 Rf5 32.Rxd5  1-0

[Event "Vasylyshyn Mem"]
[Site "Lviv UKR"]
[Date "2008.10.22"]
[Round "2"]
[White "Sulashvili,M"]
[Black "Zakhartsov,Vi"]
[Result "1/2-1/2"]
[WhiteElo "2495"]
[BlackElo "2537"]

1.d4 Nf6 2.c4 e6 3.Nf3 b6 4.a3 Bb7 5.Nc3 d5 6.cxd5 Nxd5 7.e3 g6 8.Bb5+ c6
9.Bd3 Bg7 10.O-O O-O 11.Na4 Nd7 12.e4 Ne7 13.Bf4 c5 14.dxc5 Nxc5 15.Nxc5 bxc5
16.Qe2 Nc6 17.Rac1 Rc8 18.Be3 Nd4 19.Nxd4 Bxd4 20.Bh6 Re8 21.Bb5 Bc6 22.Bxc6 Rxc6
23.b4 Qb6 24.Rfd1 Rec8 25.b5 Rd6 26.Qc4 Qb7 27.Be3 Bxe3 28.fxe3 Qd7 29.Rxd6 Qxd6
30.a4 Qd2 31.Qc3 Qxc3 32.Rxc3 Kf8 33.e5 c4 34.Kf2 a6 35.bxa6 Rc5 36.a7 Ra5
37.Rxc4 Rxa7 38.Kf3 Ra5 39.Kf4 h6 40.h4 h5 41.Rb4 Kg7 42.e4 Kh6 43.g3 g5+
44.Ke3 Kg7 45.Kd4 Kg6 46.Rc4 gxh4 47.gxh4 f5 48.exf6 Kxf6 49.Kc3 Ke5 50.Kb4 Ra8
51.a5 Rb8+ 52.Ka4 Ra8 53.Rc5+ Kxe4 54.Rxh5 e5 55.Rh7 Kd5 56.h5 e4 57.Rd7+ Kc6
58.Re7 Rh8 59.Re5 e3 60.Re6+ Kc7 61.h6 e2 62.Rxe2 Rxh6 63.Rb2 Rh8  1/2-1/2

[Event "WYCC Boys U16"]
[Site "Vung Tau City VIE"]
[Date "2008.10.22"]
[Round "4"]
[White "Veits,J"]
[Black "Nguyen Van Thanh"]
[Result "0-1"]
[WhiteElo "1809"]
[BlackElo "2200"]

1.d4 Nf6 2.c4 e6 3.Nf3 b6 4.a3 Bb7 5.Nc3 d5 6.cxd5 exd5 7.Bg5 Be7 8.Qa4+ c6
9.Ne5 O-O 10.e3 Nfd7 11.Bxe7 Qxe7 12.Nd3 c5 13.Be2 a6 14.O-O Nf6 15.Bf3 Ne4
16.dxc5 Nd2 17.Rfe1 Nxf3+ 18.gxf3 bxc5 19.Qf4 Rd8 20.Rad1 Rd6 21.e4 d4 22.Nd5 Qf8
23.Qf5 Bxd5 24.exd5 Nd7 25.Kf1 Nb6 26.Nf4 Rad8 27.b4 Nxd5 28.bxc5 Rf6 29.Qxd5 Rxf4
30.Qc4 g6 31.Re4 Rf5 32.Rexd4 Rxd4 33.Rxd4 Qxc5 34.Qd3 Qe5 35.f4 Qf6 36.Qe3 Kg7
37.a4 Qc6 38.f3 Rh5 39.Kg2 Qc2+ 40.Qd2 Qc8 41.Rd3 Rc5 42.Qb2+ Kh6 43.Kg3 Rh5
44.Kg2 Qf5 45.Qd2 Rh4 46.a5 Rh5 47.Ra3 Qh3+ 48.Kg1 Rb5 49.Re3 Rb1+ 50.Re1 Rxe1+
51.Qxe1 Qxf3 52.Qe5 Qg4+ 53.Kf2 Qe6 54.Qc5 Kg7 55.Qc7 h5 56.Qc3+ Qf6 57.Qc7 g5
58.Qc5 Qxf4+ 59.Kg2 h4 60.Qc3+ Qf6 61.Qh3 Qc6+ 62.Kf2 Qc2+ 63.Kg1 Kg6  0-1

[Event "LiraH Autumn"]
[Site "Lichtenrade GER"]
[Date "2008.10.23"]
[Round "6"]
[White "Meissner,HJ"]
[Black "Friedrich,Wi"]
[Result "1-0"]
[WhiteElo "2216"]
[BlackElo "2036"]

1.d4 Nf6 2.Nf3 b6 3.c4 e6 4.a3 Bb7 5.Nc3 Be7 6.d5 exd5 7.cxd5 b5 8.e4 b4
9.axb4 Bxb4 10.Bd3 O-O 11.O-O d6 12.Bg5 Nbd7 13.Nd4 h6 14.Bh4 Ne5 15.Bc2 Bc5
16.Na4 Bxd4 17.Qxd4 Ng6 18.Bxf6 Qxf6 19.Qxf6 gxf6 20.Nc3 Rfd8 21.Ra5 c6 22.Rfa1 cxd5
23.exd5 a6 24.R1a4 Re8 25.Kf1 Kg7 26.Rb4 Re7 27.g3 Rae8 28.Kg2 Bc8 29.Ba4 Rd8
30.Bc2 Re1 31.Bd3 Ne5 32.Be2 Re8 33.h3 f5 34.Bxa6 Bxa6 35.Rxa6 Nd3 36.Rd4 Nxb2
37.Rxd6 Rc1 38.Rb6 Rxc3 39.Rxb2 Rd8 40.d6 Kf6 41.d7 Rc6 42.Rbd2 Re6 43.Kf3 Kg5
44.h4+ Kg6 45.Kf4 h5 46.f3 Re1 47.Rd5 Rf1 48.Rc5 Kf6 49.Rxf5+ Ke7 50.Re5+ Kf8
51.Rxh5 Re1 52.Rh8+ Ke7 53.Rxd8  1-0

[Event "Open A"]
[Site "Le Touquet FRA"]
[Date "2008.10.28"]
[Round "4"]
[White "Dobrev,Nan"]
[Black "Geirnaert,S"]
[Result "1-0"]
[WhiteElo "2408"]
[BlackElo "2353"]

1.d4 Nf6 2.Nf3 b6 3.c4 e6 4.a3 Ba6 5.Qb3 c6 6.Nc3 d5 7.cxd5 cxd5 8.Nb5 Bxb5
9.Qxb5+ Qd7 10.Qb3 Bd6 11.e4 dxe4 12.Bb5 Nc6 13.Ne5 Bxe5 14.dxe5 Ng4 15.Bf4 a6
16.Rd1 Qb7 17.Bxc6+ Qxc6 18.O-O Nh6 19.Rd6 Qc7 20.Rc1 Qa7 21.Bxh6 gxh6 22.Qg3 Qe7
23.Qg7 Qf8 24.Qf6 Rg8 25.Rxe6+  1-0

[Event "Vasylyshyn Mem"]
[Site "Lviv UKR"]
[Date "2008.10.29"]
[Round "13"]
[White "Papin,V"]
[Black "Kravtsiv,M"]
[Result "1-0"]
[WhiteElo "2455"]
[BlackElo "2549"]

1.d4 Nf6 2.c4 e6 3.Nf3 b6 4.a3 Bb7 5.Nc3 d5 6.cxd5 Nxd5 7.Qc2 Nxc3 8.bxc3 Be7
9.e4 O-O 10.Bd3 c5 11.O-O Qc8 12.Qe2 cxd4 13.cxd4 Ba6 14.Rd1 Bxd3 15.Rxd3 Nd7
16.e5 Qc4 17.Bg5 Bd8 18.Rad1 Rc8 19.h4 h6 20.Bc1 Be7 21.Nh2 f5 22.Bxh6 gxh6
23.Rg3+ Kh7 24.Qh5 Rg8 25.Qf7+ Kh8 26.Qxe7 Rxg3 27.fxg3 Qe2 28.Rf1 Nf8 29.g4 Kg8
30.gxf5 Rc2 31.Qb7  1-0

[Event "WYCC Boys U16"]
[Site "Vung Tau City VIE"]
[Date "2008.10.29"]
[Round "10"]
[White "Amarasena,K"]
[Black "Muller,J"]
[Result "1-0"]
[WhiteElo "1915"]
[BlackElo "1998"]

1.d4 Nf6 2.c4 e6 3.Nf3 b6 4.a3 Ba6 5.Qc2 c5 6.e3 Be7 7.Bd3 O-O 8.O-O d5 9.dxc5 Bxc5
10.b4 Be7 11.cxd5 Bxd3 12.Qxd3 Qxd5 13.Qxd5 Nxd5 14.Bb2 Rc8 15.Nd4 Nc6 16.Nb3 b5
17.N1d2 Nb6 18.Rac1 Na4 19.Bd4 a5 20.Nxa5 Nxa5 21.bxa5 Bxa3 22.Rxc8+ Rxc8
23.Rb1 b4 24.Ne4 b3 25.f3 b2 26.Kf2 Bb4 27.a6 Ba3 28.a7 h6 29.Nd2 Bb4 30.Nc4 Nc3
31.Bxc3 Bxc3 32.Nb6  1-0

[Event "ch-BRA s/f"]
[Site "Dois Irmaos BRA"]
[Date "2008.11.01"]
[Round "6"]
[White "Silva,Ed"]
[Black "Calcado,A"]
[Result "0-1"]
[WhiteElo "2045"]
[BlackElo "2184"]

1.d4 Nf6 2.c4 e6 3.Nf3 b6 4.a3 Bb7 5.Nc3 d5 6.cxd5 Nxd5 7.Qc2 Be7 8.e4 Nxc3
9.bxc3 O-O 10.Bd3 c5 11.O-O Qc7 12.Qe2 Nd7 13.Bb2 Rfe8 14.Rad1 Bf8 15.Rfe1 Rac8
16.h4 c4 17.Bb1 e5 18.Bc1 f6 19.h5 b5 20.Nh4 Nb6 21.Qg4 Rcd8 22.Nf5 Bc8 23.Re3 Bxf5
24.Qxf5 Qd7 25.Qf3 a5 26.h6 b4 27.hxg7 Qxg7 28.axb4 axb4 29.Qe2 Qf7 30.Rg3+ Kh8
31.f4 exd4 32.cxd4 Na4 33.d5 Rxd5 34.Rxd5 Qxd5 35.Qc2 Qc5+ 36.Be3 b3 37.Qf2 Qd6
38.Bd4 Qxd4 39.Qxd4 Bc5 40.Qxc5 Nxc5 41.Rc3 Nxe4 42.Rxc4 Nd2 43.Rc1 b2 44.Rd1 Nxb1
45.Rxb1 Re2 46.Kh2 Kg7 47.Kg3 Kf7 48.Kf3 Rc2 49.g4 Ke6 50.Ke4 Re2+ 51.Kd3 Rg2
52.Ke4 Rh2 53.Kf3 Kd5 54.Rd1+ Kc4 55.Ke4 Kc3 56.Kf5 Rg2  0-1